[Event "SG Ahaus-Wessum 1 - SK Bocholt 1"]
[Site "Regionalliga Münsterland 2018"]
[Date "2018.09.08"]
[Round "1.3"]
[White "Naumann, Felix"]
[Black "Schulze Ameling, Hendrik"]
[Result "1-0"]
[WhiteElo "1860"]
[BlackElo "1983"]
[PlyCount "81"]
[EventDate "2018.??.??"]
[SourceDate "2018.09.09"]

1. d4 e6 2. Nf3 f5 3. Bf4 Nf6 4. e3 d6 5. c4 Be7 6. Nc3 O-O 7. Bd3 Qe8 8. c5 a6
9. Rc1 Nh5 10. cxd6 Nxf4 11. dxe7 Nxd3+ 12. Qxd3 Qxe7 13. Ne2 Nc6 14. Ne5 Bd7
15. Nxd7 Qxd7 16. Qc4 g5 17. f4 g4 18. O-O Rac8 19. Rfd1 Ne7 20. Qb3 Nd5 21.
Kf2 c6 22. Nc3 h5 23. Na4 Rc7 24. Nc5 Qe7 25. g3 Rf6 26. Rh1 Rh6 27. h4 Kg7 28.
Rhe1 Kh8 29. e4 Nxf4 30. gxf4 Qxh4+ 31. Qg3 Qd8 32. exf5 Qxd4+ 33. Qe3 g3+ 34.
Kg2 Qd5+ 35. Qe4 Qd2+ 36. Qe2 Qd5+ 37. Kg1 Qxf5 38. Qe5+ Qxe5 39. Rxe5 h4 40.
Kg2 Rg7 41. Rg5 1-0

[Event "SG Ahaus-Wessum 1 - SK Bocholt 1"]
[Site "Regionalliga Münsterland 2018"]
[Date "2018.09.08"]
[Round "1.4"]
[White "Rosing, Hermann"]
[Black "Steiner, Karl"]
[Result "1/2-1/2"]
[WhiteElo "1991"]
[BlackElo "1916"]
[PlyCount "80"]
[EventDate "2018.??.??"]
[SourceDate "2018.09.09"]

1. e4 d6 2. d4 Nf6 3. Nc3 g6 4. f4 Bg7 5. Nf3 c6 6. Bd3 O-O 7. O-O Bg4 8. Ne2
Nbd7 9. e5 Nd5 10. c3 Qb6 11. Kh1 f6 12. exd6 exd6 13. h3 Bxf3 14. Rxf3 f5 15.
Qc2 Rae8 16. Bd2 Kh8 17. a3 N5f6 18. Raf1 d5 19. Be1 Re6 20. Bh4 Rfe8 21. b4 a5
22. Nc1 axb4 23. axb4 Qa7 24. Nb3 Ra8 25. Ra1 Qb8 26. Rxa8 Qxa8 27. Rf1 Qb8 28.
Nc5 Re8 29. Qc1 b6 30. Nxd7 Nxd7 31. Re1 Nf6 32. Re5 b5 33. Qe3 Ne4 34. Rxe8+
Qxe8 35. Kh2 Qa8 36. Bxe4 fxe4 37. Qg3 Qf8 38. Qe3 Bf6 39. Bxf6+ Qxf6 40. g4
Kg7 1/2-1/2

[Event "SG Ahaus-Wessum 1 - SK Bocholt 1"]
[Site "Regionalliga Münsterland 2018"]
[Date "2018.09.08"]
[Round "1.5"]
[White "Burike, Christian"]
[Black "Diehlmann, Christian"]
[Result "0-1"]
[WhiteElo "1677"]
[BlackElo "1929"]
[PlyCount "78"]
[EventDate "2018.??.??"]
[SourceDate "2018.09.09"]

1. d4 Nf6 2. Nf3 d5 3. e3 e6 4. Bd3 c5 5. c3 Bd6 6. Nbd2 O-O 7. O-O b6 8. dxc5
Bxc5 9. e4 Ba6 10. Bxa6 Nxa6 11. e5 Nd7 12. Nb3 h6 13. Nbd4 Qc7 14. Qe2 Nab8
15. Bf4 Nc6 16. Rac1 Rac8 17. Rfd1 Qb7 18. g4 Nxd4 19. cxd4 Be7 20. g5 h5 21.
Nh4 g6 22. Qd3 Kg7 23. Bd2 Rxc1 24. Rxc1 Rc8 25. Rc3 Nb8 26. f4 Nc6 27. a3 Nxd4
28. Qxd4 Bc5 29. Rxc5 bxc5 30. Qc3 d4 31. Qc2 c4 32. Ng2 Qf3 33. Bb4 h4 34. Qd2
c3 35. bxc3 dxc3 36. Qc2 h3 37. Ne1 Qxf4 38. Qd1 Qxg5+ 39. Kf1 c2 0-1

[Event "SG Ahaus-Wessum 1 - SK Bocholt 1"]
[Site "Regionalliga Münsterland 2018"]
[Date "2018.09.08"]
[Round "1.6"]
[White "Bauland, Thomas"]
[Black "Gajic, Goran"]
[Result "0-1"]
[WhiteElo "1856"]
[BlackElo "1933"]
[PlyCount "74"]
[EventDate "2018.??.??"]
[SourceDate "2018.09.09"]

1. d4 Nf6 2. Nf3 e6 3. e3 b6 4. Bd3 Bb7 5. Nbd2 d5 6. O-O Bd6 7. Ne5 c5 8. c3
O-O 9. Qc2 c4 10. Be2 Nbd7 11. f4 Ne8 12. Bg4 f5 13. Bf3 b5 14. g4 Bxe5 15.
dxe5 Qb6 16. Rf2 Qxe3 17. Nxc4 Qe1+ 18. Rf1 Qh4 19. Ne3 g6 20. Qg2 fxg4 21.
Nxg4 Ng7 22. b3 Rac8 23. Bd2 Nf5 24. Rac1 Qd8 25. Ne3 Nh4 26. Qg4 Nxf3+ 27.
Qxf3 Nxe5 28. Qh3 Nd3 29. Qxe6+ Kh8 30. Rcd1 Nxf4 31. Rxf4 Rxf4 32. Ng4 Re4 33.
Ne5 Qb6+ 34. Qxb6 axb6 35. Nf7+ Kg7 36. Nd6 Rg4+ 37. Kh1 Ba8 0-1

[Event "SG Ahaus-Wessum 1 - SK Bocholt 1"]
[Site "Regionalliga Münsterland 2018"]
[Date "2018.09.08"]
[Round "1.7"]
[White "Böing, Frank"]
[Black "ter Horst, Carsten"]
[Result "1/2-1/2"]
[WhiteElo "1822"]
[BlackElo "1883"]
[PlyCount "50"]
[EventDate "2018.??.??"]
[SourceDate "2018.09.09"]

1. d4 d5 2. Nf3 Nf6 3. Bg5 Ne4 4. Bh4 c5 5. c3 Nc6 6. e3 Qb6 7. Qb3 c4 8. Qxb6
axb6 9. Nbd2 Bf5 10. Nxe4 Bxe4 11. Nd2 Bg6 12. a3 b5 13. Rc1 e6 14. Be2 Bd6 15.
O-O Ne7 16. Bf3 Nf5 17. Bg3 Nxg3 18. hxg3 Bd3 19. Rfe1 f5 20. Bd1 Kd7 21. f4
Be7 22. Nf3 Bf6 23. Kf2 h6 24. Rh1 Be4 25. Ne5+ Bxe5 1/2-1/2

[Event "SC Rochade Emsdetten 1 - SG Turm Raesfe"]
[Site "Regionalliga Münsterland 2018"]
[Date "2018.09.08"]
[Round "1.1"]
[White "Wilger, Frank"]
[Black "Kabatianski, Alexander"]
[Result "1-0"]
[WhiteElo "2076"]
[BlackElo "2319"]
[PlyCount "189"]
[EventDate "2018.??.??"]
[SourceDate "2018.09.09"]

1. d4 Nf6 2. Nf3 b6 3. b3 Bb7 4. Bb2 e6 5. e3 c5 6. Be2 cxd4 7. exd4 Bb4+ 8. c3
Be7 9. O-O O-O 10. Nbd2 d6 11. Re1 Nbd7 12. Bd3 Qc7 13. Qe2 Rfe8 14. Rac1 Bf8
15. Ba6 Bc6 16. Bb5 Rac8 17. Bxc6 Qxc6 18. a4 Qb7 19. Qd3 e5 20. Ng5 h6 21.
Nge4 Nxe4 22. Qxe4 d5 23. Qg4 Nf6 24. Qh3 exd4 25. Rxe8 Nxe8 26. cxd4 Rxc1+ 27.
Bxc1 Qc6 28. Bb2 Qc2 29. Qc3 Qd1+ 30. Nf1 Nf6 31. f3 g6 32. Kf2 Bg7 33. Ne3 Qb1
34. Qc2 Qxc2+ 35. Nxc2 Kf8 36. b4 a6 37. Ke2 Ke8 38. Kd3 Kd7 39. Bc1 Bf8 40.
Bd2 Ne8 41. Ne3 Ke6 42. Nc2 Nd6 43. g3 Nc4 44. Bc3 h5 45. Ne3 Nd6 46. Ng2 g5
47. Bd2 Be7 48. Ne3 Ne8 49. Ng2 Ng7 50. Ne3 f6 51. Be1 Bd6 52. Ng2 Nf5 53. Ne3
Ne7 54. Nc2 Nc6 55. Ke3 Ne7 56. Kd3 Ng6 57. Ke3 f5 58. Kf2 Ne7 59. Bd2 f4 60.
g4 hxg4 61. fxg4 Ng8 62. Kf3 Nf6 63. Be1 Ne4 64. h4 gxh4 65. Bxh4 Nd2+ 66. Ke2
Ne4 67. Kf3 Nd2+ 68. Ke2 Nc4 69. Kf3 b5 70. axb5 axb5 71. Be1 Kf6 72. Bh4+ Kg6
73. Ke2 Bf8 74. Kf3 Bh6 75. Ne1 Nd2+ 76. Kg2 Bg7 77. Nf3 Nc4 78. Be1 Bf6 79.
Bc3 Ne3+ 80. Kh3 Nc4 81. Kg2 Kh6 82. Ng1 Nd6 83. Kf3 Ne4 84. Bb2 Bg5 85. Bc1
Kg6 86. Nh3 Bf6 87. Nxf4+ Kf7 88. Nxd5 Nd6 89. Nxf6 Kxf6 90. Kf4 Ke6 91. g5 Kd5
92. g6 Ne8 93. Ke3 Ng7 94. Kd3 Nf5 95. Bf4 1-0

[Event "SC Rochade Emsdetten 1 - SG Turm Raesfe"]
[Site "Regionalliga Münsterland 2018"]
[Date "2018.09.08"]
[Round "1.2"]
[White "Lehmann, Holger"]
[Black "Greifenberg, Daniel"]
[Result "1-0"]
[WhiteElo "2132"]
[BlackElo "2051"]
[PlyCount "67"]
[EventDate "2018.??.??"]
[SourceDate "2018.09.09"]

1. c4 c6 2. e4 d5 3. exd5 cxd5 4. d4 Nf6 5. Nc3 e6 6. c5 Be7 7. Nf3 O-O 8. Bd3
b6 9. b4 a5 10. Na4 bxc5 11. bxc5 Nc6 12. Nb6 Ra7 13. Bb5 Bb7 14. Bf4 Ne4 15.
Rc1 g5 16. Bg3 f5 17. Bxc6 Bxc6 18. Ne5 Bb5 19. Qb3 Qe8 20. f3 a4 21. Qb4 Nf6
22. Rb1 Bc6 23. Nxc6 Qxc6 24. Be5 Nd7 25. Nxd7 Qxd7 26. O-O Bf6 27. Rfe1 Bxe5
28. Rxe5 Kf7 29. Qd2 h6 30. Rb6 Re8 31. h4 Kf6 32. g4 f4 33. Qc2 Qg7 34. Qf5+
1-0

[Event "SC Rochade Emsdetten 1 - SG Turm Raesfe"]
[Site "Regionalliga Münsterland 2018"]
[Date "2018.09.08"]
[Round "1.3"]
[White "Gesing, Felix"]
[Black "Ortmeier, Leonhard"]
[Result "0-1"]
[WhiteElo "1977"]
[BlackElo "2096"]
[PlyCount "114"]
[EventDate "2018.??.??"]
[SourceDate "2018.09.09"]

1. e4 c5 2. Nf3 d6 3. d3 Nc6 4. g3 g6 5. Bg2 Bg7 6. O-O e6 7. c3 Nge7 8. Re1
O-O 9. d4 cxd4 10. cxd4 d5 11. e5 Bd7 12. Bg5 h6 13. Bf4 Qb6 14. Qd2 Nf5 15.
Rd1 Kh7 16. Nc3 Qb4 17. g4 Nfe7 18. h4 Rac8 19. h5 Na5 20. Bf1 Nc4 21. Bxc4
Rxc4 22. Kg2 g5 23. Qc2+ Kg8 24. Bxg5 hxg5 25. Nxg5 f5 26. exf6 Rxf6 27. a3 Qd6
28. Qh7+ Kf8 29. Ne2 Nf5 30. gxf5 Rh6 31. Qg6 Rxg6 32. fxg6 Rc2 33. Nf7 Qe7 34.
Ng3 Qf6 35. Rf1 Bb5 36. h6 Bxf1+ 37. Rxf1 Bxh6 38. Nxh6 Qxg6 39. Rh1 Kg7 40. b4
Ra2 41. Rh4 Qxh6 42. Rxh6 Kxh6 43. Kf3 Rxa3+ 44. Kf4 Ra1 45. Ke5 Re1+ 46. Kd6
Kg6 47. Kc7 Rb1 48. Kxb7 Rxb4+ 49. Kxa7 Rxd4 50. Kb6 Rc4 51. Ne2 e5 52. Kb5 Rc8
53. f4 Kf5 54. fxe5 Kxe5 55. Kb4 d4 56. Kb3 Ke4 57. Kb2 d3 0-1

[Event "SC Rochade Emsdetten 1 - SG Turm Raesfe"]
[Site "Regionalliga Münsterland 2018"]
[Date "2018.09.08"]
[Round "1.4"]
[White "Müller, Achim"]
[Black "Borutta, Niklas"]
[Result "0-1"]
[WhiteElo "2026"]
[BlackElo "2037"]
[PlyCount "168"]
[EventDate "2018.??.??"]
[SourceDate "2018.09.09"]

1. e4 d5 2. exd5 Qxd5 3. Nc3 Qd8 4. d4 Nf6 5. Bc4 a6 6. Nf3 b5 7. Bb3 c5 8.
dxc5 Qxd1+ 9. Nxd1 e6 10. O-O Bxc5 11. a4 b4 12. Ne3 Bb7 13. Ne5 Nc6 14. Nd3
Be7 15. Bd2 Ne4 16. Rad1 Nxd2 17. Rxd2 O-O 18. Rfd1 Rfd8 19. Nc4 Kf8 20. Nb6
Ra7 21. Nc5 Rxd2 22. Rxd2 Bxc5 23. Nd7+ Ke7 24. Nxc5 Bc8 25. Bc4 Ne5 26. Be2 a5
27. f4 Nd7 28. Nb3 Nb6 29. Bb5 Bd7 30. Bxd7 Nxd7 31. Nd4 Rc7 32. Nb5 Rc5 33.
Nd6 Nb6 34. b3 Nd5 35. Nb7 Rc3 36. f5 Ne3 37. fxe6 fxe6 38. Nxa5 Nxc2 39. Nc4
Na1 40. Nb6 Rxb3 41. a5 Ra3 42. Nc4 Ra4 43. Ne5 b3 44. Nc6+ Kf6 45. Rf2+ Kg5
46. g3 h5 47. h4+ Kh6 48. Rf8 b2 49. Rb8 Nb3 50. Rxb3 Ra1+ 51. Kf2 b1=Q 52.
Rxb1 Rxb1 53. Nd4 e5 54. Nf3 e4 55. Nd2 Ra1 56. a6 Rxa6 57. Nxe4 Ra3 58. Ng5
Kg6 59. Ne6 Kf6 60. Nf4 g6 61. Kg2 Kf5 62. Kh3 Ra6 63. Ng2 Ke4 64. Nf4 Kf3 65.
Nd3 Ra1 66. Kh2 Kg4 67. Ne5+ Kf5 68. Nf3 Ra3 69. Kg2 Ra2+ 70. Kh3 Rf2 71. Ng5
Ke5 72. g4 Ra2 73. gxh5 gxh5 74. Nh7 Kf5 75. Kg3 Ra3+ 76. Kh2 Kg4 77. Nf6+ Kxh4
78. Ne4 Ra2+ 79. Kg1 Kh3 80. Nf2+ Kg3 81. Ne4+ Kf4 82. Nf2 h4 83. Kg2 h3+ 84.
Kg1 Kf3 0-1

[Event "SC Rochade Emsdetten 1 - SG Turm Raesfe"]
[Site "Regionalliga Münsterland 2018"]
[Date "2018.09.08"]
[Round "1.5"]
[White "Brömmel, Rudolf"]
[Black "Hiller, Simon"]
[Result "1/2-1/2"]
[WhiteElo "1906"]
[BlackElo "2139"]
[PlyCount "84"]
[EventDate "2018.??.??"]
[SourceDate "2018.09.09"]

1. c4 c6 2. b3 d5 3. e3 Bf5 4. Bb2 e6 5. Nf3 Nf6 6. Nh4 Bg4 7. Be2 Bxe2 8. Qxe2
Nbd7 9. cxd5 exd5 10. Nc3 g6 11. Nf3 Bd6 12. d3 Qe7 13. Qc2 O-O 14. Ne2 a5 15.
a3 Ng4 16. h3 Nge5 17. Nxe5 Nxe5 18. Nd4 Rad8 19. Nf3 Nxf3+ 20. gxf3 Rfe8 21.
Kf1 Be5 22. Bxe5 Qxe5 23. d4 Qh5 24. f4 Qf3 25. Kg1 Rd6 26. Qd1 Qe4 27. Qb1 Qe7
28. h4 Qd7 29. Qd1 Rde6 30. h5 Qe7 31. Rh3 Rf6 32. Kh2 Rf5 33. Qg4 Kf8 34. hxg6
fxg6 35. Rg1 Rf7 36. Rf3 Qxa3 37. f5 Qd6+ 38. Rfg3 b5 39. Kg2 a4 40. bxa4 bxa4
41. fxg6 hxg6 42. Qh4 Re6 1/2-1/2

[Event "SC Rochade Emsdetten 1 - SG Turm Raesfe"]
[Site "Regionalliga Münsterland 2018"]
[Date "2018.09.08"]
[Round "1.6"]
[White "Lemli, Thomas"]
[Black "Bölker, Franz"]
[Result "1-0"]
[WhiteElo "1979"]
[BlackElo "1785"]
[PlyCount "79"]
[EventDate "2018.??.??"]
[SourceDate "2018.09.09"]

1. Nf3 Nf6 2. c4 c6 3. Nc3 d5 4. e3 Nbd7 5. d4 e6 6. Qc2 Bd6 7. e4 Nxe4 8. Nxe4
dxe4 9. Qxe4 Bb4+ 10. Ke2 Be7 11. g3 O-O 12. Bg2 c5 13. Rd1 Qb6 14. Qc2 cxd4
15. Nxd4 Bc5 16. Be3 Ne5 17. h3 Bd7 18. Qc3 Rac8 19. Rac1 Nc6 20. Nb5 Bxe3 21.
Qxe3 Qxe3+ 22. Kxe3 Be8 23. c5 a6 24. Nd6 Rc7 25. Rd3 Na5 26. b4 Nc6 27. a3 Ne5
28. Rdd1 Bc6 29. Bxc6 Nxc6 30. Nc4 Ne7 31. Nb6 Re8 32. Rd3 Nd5+ 33. Nxd5 exd5+
34. Kd2 Rce7 35. Rc2 Re5 36. Kc3 Kf8 37. Rcd2 Rd8 38. Rd4 Ke7 39. R2d3 Ke6 40.
f4 1-0

[Event "SC Rochade Emsdetten 1 - SG Turm Raesfe"]
[Site "Regionalliga Münsterland 2018"]
[Date "2018.09.08"]
[Round "1.7"]
[White "Kadenbach, Wolfgang"]
[Black "Delere, Adrian"]
[Result "1/2-1/2"]
[WhiteElo "1733"]
[BlackElo "1880"]
[PlyCount "58"]
[EventDate "2018.??.??"]
[SourceDate "2018.09.09"]

1. d4 f5 2. e4 fxe4 3. f3 d5 4. Nc3 Nf6 5. Bg5 Bf5 6. fxe4 dxe4 7. Bc4 Nbd7 8.
Nge2 c6 9. O-O e6 10. Ng3 g6 11. Ncxe4 Be7 12. Nxf6+ Nxf6 13. c3 Nd5 14. Bxe7
Qxe7 15. Bxd5 cxd5 16. Qd2 O-O 17. Rae1 Qd6 18. Re5 Kg7 19. Qe2 Rf7 20. Re1 Rd8
21. Qd2 b6 22. a3 Rdd7 23. Qe3 Qc7 24. Rf1 Qb7 25. Re1 Qc7 26. Qd2 Qb7 27. Qe3
Qc7 28. Qe2 Qb7 29. Qe3 Qc7 1/2-1/2

[Event "SC Rochade Emsdetten 1 - SG Turm Raesfe"]
[Site "Regionalliga Münsterland 2018"]
[Date "2018.09.08"]
[Round "1.8"]
[White "Teschler, Ansgar"]
[Black "Hoffmann, Fabian"]
[Result "0-1"]
[WhiteElo "1713"]
[BlackElo "1944"]
[PlyCount "44"]
[EventDate "2018.??.??"]
[SourceDate "2018.09.09"]

1. d4 c6 2. c4 d5 3. Nf3 Nf6 4. Nc3 e6 5. Bg5 Be7 6. e3 O-O 7. Qc2 Nbd7 8. Rd1
h6 9. Bh4 Nh7 10. Bxe7 Qxe7 11. Bd3 Ng5 12. Nd2 f5 13. O-O f4 14. h4 Nf7 15.
exf4 Qxh4 16. g3 Qh3 17. Rfe1 Nf6 18. Bf1 Qh5 19. Bg2 Ng4 20. Nf3 g5 21. fxg5
Nxg5 22. Nxg5 hxg5 0-1

[Event "SC Klein-Berlin Rheine 1 - SG Turm Raes"]
[Site "Regionalliga Münsterland 2018"]
[Date "2018.09.29"]
[Round "2.1"]
[White "Wilger, Frank"]
[Black "Brümmer, Frank"]
[Result "1/2-1/2"]
[WhiteElo "2076"]
[BlackElo "2160"]
[PlyCount "49"]
[EventDate "2018.??.??"]
[SourceDate "2018.09.09"]

1. d4 d5 2. c4 e6 3. Nc3 Be7 4. Nf3 Nf6 5. Bg5 h6 6. Bh4 O-O 7. e3 b6 8. cxd5
exd5 9. Bd3 Bb7 10. O-O Nbd7 11. Rc1 c5 12. Qe2 Ne4 13. Bxe7 Qxe7 14. Rfd1 Nxc3
15. Rxc3 c4 16. Bf5 Nf6 17. b3 b5 18. Rcc1 g6 19. Bb1 Rfc8 20. Ne5 Kg7 21. Qc2
cxb3 22. Qxb3 b4 23. Bd3 a5 24. Qa4 Rc7 25. a3 1/2-1/2

[Event "SC Klein-Berlin Rheine 1 - SG Turm Raes"]
[Site "Regionalliga Münsterland 2018"]
[Date "2018.09.29"]
[Round "2.2"]
[White "Henneberger, Sven"]
[Black "Pollok, Ralf"]
[Result "1-0"]
[WhiteElo "2049"]
[BlackElo "2037"]
[PlyCount "95"]
[EventDate "2018.??.??"]
[SourceDate "2018.09.09"]

1. c4 Nf6 2. Nf3 c5 3. Nc3 Nc6 4. g3 g6 5. Bg2 Bg7 6. O-O d6 7. a3 O-O 8. d3 e6
9. Rb1 a5 10. Nb5 e5 11. Nd2 Bg4 12. Re1 Qd7 13. Nf1 Nd4 14. Nc3 h6 15. Bd2
Rab8 16. Ne3 Be6 17. Ncd5 Bxd5 18. Nxd5 Nxd5 19. Bxd5 a4 20. e3 Nb3 21. Bc3 Kh7
22. Qf3 f5 23. Qg2 b6 24. Bc6 Qa7 25. Qd5 Rbd8 26. Re2 f4 27. Qe6 f3 28. Ree1
Rf6 29. Qg4 Rdf8 30. h4 h5 31. Qh3 Kh8 32. Kh2 Na5 33. Be4 Qc7 34. Bxa5 bxa5
35. g4 hxg4 36. Qxg4 Qe7 37. Rh1 Bh6 38. Kg1 Qf7 39. Rh3 Kg7 40. Bd5 Qe7 41.
Rxf3 Rxf3 42. Bxf3 Qf7 43. Kg2 Rb8 44. Bd1 Rf8 45. Bf3 Rb8 46. h5 Kf6 47. Bd5
Qe8 48. Be4 1-0

[Event "SC Klein-Berlin Rheine 1 - SG Turm Raes"]
[Site "Regionalliga Münsterland 2018"]
[Date "2018.09.29"]
[Round "2.3"]
[White "Greifenberg, Daniel"]
[Black "Ottens, Stephan"]
[Result "1-0"]
[WhiteElo "2051"]
[BlackElo "2064"]
[PlyCount "49"]
[EventDate "2018.??.??"]
[SourceDate "2018.09.09"]

1. d4 Nf6 2. c4 g6 3. Nc3 Bg7 4. e4 d6 5. Be2 O-O 6. Bg5 c5 7. d5 h6 8. Bf4 a6
9. a4 Qa5 10. f3 Nh5 11. Bd2 Qd8 12. g4 Nf6 13. h4 h5 14. Nh3 e5 15. Bg5 Qa5
16. Bxf6 Bxf6 17. Ng5 hxg4 18. Qd2 Qd8 19. Kd1 Kg7 20. fxg4 Bxg5 21. hxg5 Nd7
22. Kc2 Rg8 23. Raf1 Nf8 24. Bd1 Bd7 25. Qf2 1-0

[Event "SC Klein-Berlin Rheine 1 - SG Turm Raes"]
[Site "Regionalliga Münsterland 2018"]
[Date "2018.09.29"]
[Round "2.4"]
[White "Kornick, Ulrich"]
[Black "Gesing, Felix"]
[Result "0-1"]
[WhiteElo "1939"]
[BlackElo "1977"]
[PlyCount "44"]
[EventDate "2018.??.??"]
[SourceDate "2018.09.09"]

1. e4 d6 2. d4 Nf6 3. Bc4 Nbd7 4. Qe2 e5 5. c3 Be7 6. Nf3 c6 7. dxe5 dxe5 8.
Bg5 Qc7 9. Nbd2 h6 10. Bh4 b5 11. Bd3 O-O 12. g4 Nc5 13. h3 Nxd3+ 14. Qxd3 Rd8
15. Qe3 Be6 16. g5 Nh5 17. gxh6 Nf4 18. Kf1 Rd3 19. Qe1 Bxh4 20. Nxh4 Bxh3+ 21.
Kg1 Qd7 22. Rxh3 Qxh3 0-1

[Event "SC Klein-Berlin Rheine 1 - SG Turm Raes"]
[Site "Regionalliga Münsterland 2018"]
[Date "2018.09.29"]
[Round "2.5"]
[White "Borutta, Niklas"]
[Black "Langhans, Jörg"]
[Result "1/2-1/2"]
[WhiteElo "2036"]
[BlackElo "1955"]
[PlyCount "107"]
[EventDate "2018.??.??"]
[SourceDate "2018.09.09"]

1. c4 e5 2. g3 Nf6 3. Bg2 c6 4. Nf3 e4 5. Nd4 d5 6. d3 Bb4+ 7. Bd2 Bxd2+ 8.
Qxd2 O-O 9. cxd5 Qxd5 10. e3 Qe5 11. dxe4 Nxe4 12. Qc2 Qa5+ 13. Nd2 Qxd2+ 14.
Qxd2 Nxd2 15. Kxd2 Na6 16. Rhc1 Bd7 17. a3 Rad8 18. b4 Nc7 19. Ke2 Rfe8 20. Nb3
Ne6 21. Nc5 Bc8 22. Rab1 h6 23. a4 Nd4+ 24. Kf1 Nf5 25. Nb3 Rd6 26. Rd1 Red8
27. Rxd6 Rxd6 28. Ke2 Be6 29. Na5 Bc8 30. Rc1 Ne7 31. b5 cxb5 32. axb5 Bd7 33.
Nxb7 Bxb5+ 34. Ke1 Rd7 35. Ra1 Bc6 36. Nc5 Rc7 37. Bxc6 Nxc6 38. Kd2 Ne5 39.
Nb3 Rb7 40. Kc3 Kf8 41. h3 Rc7+ 42. Kd4 f6 43. f4 Nc6+ 44. Kd3 Nb4+ 45. Ke2 Rc3
46. Nd4 a6 47. Ra4 Nd5 48. Rxa6 Rxe3+ 49. Kf2 Re4 50. Ne6+ Kf7 51. f5 g6 52.
Nd8+ Kg7 53. Ne6+ Kf7 54. Nd8+ 1/2-1/2

[Event "SC Klein-Berlin Rheine 1 - SG Turm Raes"]
[Site "Regionalliga Münsterland 2018"]
[Date "2018.09.29"]
[Round "2.6"]
[White "Hemmert, Michael"]
[Black "Bergemann, Martin"]
[Result "0-1"]
[WhiteElo "1787"]
[BlackElo "1926"]
[PlyCount "110"]
[EventDate "2018.??.??"]
[SourceDate "2018.09.09"]

1. d4 Nf6 2. Bf4 d6 3. e3 Bf5 4. c4 Nbd7 5. Nf3 h6 6. h3 g5 7. Bh2 Bg7 8. Nc3
c5 9. Rc1 Qb6 10. Qb3 Qxb3 11. axb3 O-O 12. Be2 Ne4 13. Nd5 Rae8 14. O-O cxd4
15. exd4 h5 16. Ne3 Bg6 17. Rfd1 Bh6 18. Nd2 Ndf6 19. Nxe4 Nxe4 20. g4 hxg4 21.
Nxg4 Bg7 22. f3 Nf6 23. Nxf6+ Bxf6 24. Kg2 Kg7 25. f4 gxf4 26. Bxf4 Rh8 27. Rc3
Rh4 28. Bg4 Reh8 29. b4 Bf5 30. Rg3 Kf8 31. b5 Bxg4 32. Rxg4 Rxh3 33. Bg3 R3h5
34. b4 Ke8 35. c5 Rd5 36. Re4 Kd7 37. Ra1 Ra8 38. b6 a6 39. b5 Rxd4 40. Rxd4
Bxd4 41. c6+ bxc6 42. b7 Rb8 43. bxa6 Ba7 44. Be1 c5 45. Ba5 Kc6 46. Kf3 f5 47.
Kf4 Rf8 48. Rb1 e5+ 49. Kf3 d5 50. Be1 f4 51. Bf2 e4+ 52. Ke2 f3+ 53. Kd2 d4
54. Bxd4 cxd4 55. Rc1+ Kd7 0-1

[Event "SC Klein-Berlin Rheine 1 - SG Turm Raes"]
[Site "Regionalliga Münsterland 2018"]
[Date "2018.09.29"]
[Round "2.7"]
[White "Brömmel, Rudolf"]
[Black "Ratert, Matthias"]
[Result "1-0"]
[WhiteElo "1906"]
[BlackElo "1878"]
[PlyCount "57"]
[EventDate "2018.??.??"]
[SourceDate "2018.09.09"]

1. d4 Nf6 2. Bg5 d5 3. Bxf6 exf6 4. e3 Be6 5. Bd3 Nd7 6. Qf3 Bd6 7. Nc3 c6 8.
Nge2 Qc7 9. g3 Nf8 10. h4 Qd7 11. e4 Bb4 12. Qe3 O-O-O 13. O-O-O Re8 14. f3
dxe4 15. fxe4 Bg4 16. d5 Bxc3 17. Nxc3 Bxd1 18. Rxd1 Kb8 19. dxc6 bxc6 20. Ba6
Qc7 21. Na4 Ne6 22. Rd3 Ka8 23. Bc4 Rb8 24. Ra3 Rhd8 25. Bxe6 fxe6 26. Nc5 Rb5
27. Nxe6 Qb8 28. Nxd8 Rxb2 29. Rxa7+ 1-0

[Event "SC Klein-Berlin Rheine 1 - SG Turm Raes"]
[Site "Regionalliga Münsterland 2018"]
[Date "2018.09.29"]
[Round "2.8"]
[White "van Dijk, Guido"]
[Black "Bölker, Franz"]
[Result "1-0"]
[WhiteElo "1769"]
[BlackElo "1785"]
[PlyCount "81"]
[EventDate "2018.??.??"]
[SourceDate "2018.09.09"]

1. e4 c5 2. Nf3 d6 3. c3 Nf6 4. Bd3 Nc6 5. Bc2 Bg4 6. h3 Bh5 7. d3 e6 8. Be3
Be7 9. Nbd2 h6 10. Qb1 O-O 11. g4 Bg6 12. Nh4 Bh7 13. Ng2 d5 14. f4 d4 15. Bf2
e5 16. f5 b5 17. c4 Rb8 18. cxb5 Nb4 19. a3 Nxc2+ 20. Qxc2 Qa5 21. a4 Rxb5 22.
O-O Rbb8 23. Nc4 Qc7 24. Bg3 Nd7 25. a5 f6 26. Nh4 Rfc8 27. Ng6 Bxg6 28. fxg6
Nf8 29. h4 Nxg6 30. Rf5 Rb5 31. g5 hxg5 32. hxg5 Rf8 33. Raf1 Qb7 34. Qh2 fxg5
35. Rxf8+ Bxf8 36. Bxe5 Qd7 37. Qh5 Nf4 38. Bxf4 gxf4 39. Rxf4 Qe6 40. Rh4 Rb8
41. Ne5 1-0

[Event "SK Bocholt 1 - SC Rochade Emsdetten 1"]
[Site "Regionalliga Münsterland 2018"]
[Date "2018.09.29"]
[Round "2.1"]
[White "Kabatianski, Alexander"]
[Black "Fuest, Martin"]
[Result "1-0"]
[WhiteElo "2319"]
[BlackElo "2122"]
[PlyCount "67"]
[EventDate "2018.??.??"]
[SourceDate "2018.09.09"]

1. c4 c6 2. Nf3 Nf6 3. Nc3 d5 4. e3 Nbd7 5. Qc2 e6 6. b3 b6 7. Bb2 Bb7 8. d4
Be7 9. Bd3 Rc8 10. O-O O-O 11. Rad1 c5 12. Ne5 g6 13. f4 cxd4 14. exd4 Qc7 15.
Qe2 dxc4 16. bxc4 Ba6 17. a4 Nxe5 18. fxe5 Nh5 19. Nb5 Bxb5 20. axb5 Bg5 21.
Qe4 Ng7 22. Rf3 f5 23. Qe1 Be7 24. d5 exd5 25. cxd5 Qc5+ 26. Kh1 Qxd5 27. Bxf5
Qa8 28. Bxc8 Rxf3 29. gxf3 Qxf3+ 30. Kg1 Bc5+ 31. Bd4 Nh5 32. Bxc5 Nf4 33. Rd2
bxc5 34. Rf2 1-0

[Event "SK Bocholt 1 - SC Rochade Emsdetten 1"]
[Site "Regionalliga Münsterland 2018"]
[Date "2018.09.29"]
[Round "2.2"]
[White "Hunhoff, Sebastian"]
[Black "Lehmann, Holger"]
[Result "0-1"]
[WhiteElo "1936"]
[BlackElo "2132"]
[PlyCount "76"]
[EventDate "2018.??.??"]
[SourceDate "2018.09.09"]

1. c4 e5 2. Nc3 Nc6 3. Nf3 f5 4. d4 e4 5. Bg5 Be7 6. Bxe7 Ncxe7 7. Ng1 Nf6 8.
e3 O-O 9. h4 c6 10. Nh3 d5 11. Nf4 Ng6 12. Nxg6 hxg6 13. Qb3 Qd6 14. cxd5 Nxd5
15. Bc4 Be6 16. Bxd5 Bxd5 17. Nxd5 cxd5 18. g3 Rfc8 19. Kd2 Rc4 20. Rhc1 b5 21.
Rc3 Rac8 22. Rac1 a6 23. a3 Kf7 24. Qa2 Ke6 25. b3 Rxc3 26. Rxc3 Rxc3 27. Kxc3
a5 28. Kd2 b4 29. axb4 Qxb4+ 30. Ke2 Qb5+ 31. Ke1 Kf7 32. Qa4 Qxa4 33. bxa4 g5
34. Kf1 Kg6 35. Kg2 Kh5 36. Kh3 g6 37. hxg5 Kxg5 38. g4 f4 0-1

[Event "SK Bocholt 1 - SC Rochade Emsdetten 1"]
[Site "Regionalliga Münsterland 2018"]
[Date "2018.09.29"]
[Round "2.3"]
[White "Paalman, Henk-Jan"]
[Black "Naumann, Felix"]
[Result "1-0"]
[WhiteElo "2159"]
[BlackElo "1860"]
[PlyCount "45"]
[EventDate "2018.??.??"]
[SourceDate "2018.09.09"]

1. d4 Nf6 2. Nf3 e6 3. Bf4 c5 4. e3 Nc6 5. Nbd2 Be7 6. c3 b6 7. Bd3 Bb7 8. h3
Rc8 9. O-O h6 10. Bh2 d6 11. Qe2 g5 12. Rad1 g4 13. hxg4 Nxg4 14. Bg3 h5 15.
dxc5 bxc5 16. Bb5 h4 17. Nxh4 Nxe3 18. fxe3 Bxh4 19. Qf2 f5 20. Ne4 Bxg3 21.
Qxg3 fxe4 22. Qg6+ Kd7 23. Rf7+ 1-0

[Event "SK Bocholt 1 - SC Rochade Emsdetten 1"]
[Site "Regionalliga Münsterland 2018"]
[Date "2018.09.29"]
[Round "2.4"]
[White "Steiner, Karl"]
[Black "Müller, Achim"]
[Result "0-1"]
[WhiteElo "1916"]
[BlackElo "2026"]
[PlyCount "72"]
[EventDate "2018.??.??"]
[SourceDate "2018.09.09"]

1. Nf3 d6 2. d4 f5 3. g3 Nf6 4. Bg2 g6 5. O-O Bg7 6. c4 O-O 7. Nc3 Nc6 8. b3 e5
9. d5 Ne7 10. e4 f4 11. Ba3 b6 12. Qd3 h6 13. h3 g5 14. g4 Ng6 15. Nh2 f3 16.
Nxf3 Nf4 17. Qc2 Bxg4 18. hxg4 Nxg4 19. Ne2 Qf6 20. Nh2 Nxh2 21. Kxh2 g4 22.
Ng3 Qh4+ 23. Kg1 Nxg2 24. Kxg2 Qh3+ 25. Kg1 Rf3 26. Bc1 Raf8 27. Qe2 h5 28. Bg5
h4 29. Nf5 R8xf5 30. exf5 g3 31. fxg3 Rxg3+ 32. Kf2 Rg2+ 33. Ke1 Qc3+ 34. Bd2
Qxa1+ 35. Qd1 Qd4 36. f6 Qe4+ 0-1